[Event "Cali Valle Colombia op-B"]
[Site "Cali Valle Colombia"]
[Date "2022.12.26"]
[Round "1"]
[White "Gonzalez, Jean Paul"]
[Black "Zuleta, Juan Esteban"]
[Result "0-1"]
[WhiteElo "1570"]
[BlackElo "1811"]
[PlyCount "56"]
[EventDate "2022.12.26"]
[EventType "swiss"]
[EventRounds "8"]
[EventCountry "COL"]
[SourceTitle "CBM 211 Extra"]
[Source "ChessBase"]
[SourceDate "2023.01.31"]
[SourceVersion "1"]
[SourceVersionDate "2023.01.31"]
[SourceQuality "1"]

1. e4 c5 2. Nf3 d6 3. Bc4 Nf6 4. c3 a6 5. d3 b5 6. Bb3 Nbd7 7. 0-0 e6 8. Bf4 Be7 9. Nbd2 Bb7 10. c4 Nb6 11. e5 dxe5 12. Nxe5 0-0 13. Ndf3 Nh5 14. Be3 Qc7 15. cxb5 axb5 16. Nxf7 c4 17. N3e5 Rxf7 18. Bxb6 Qxb6 19. Nxf7 Nf4 20. Qg4 Ng6 21. dxc4 bxc4 22. Bxc4 Kxf7 23. Rae1 Nf8 24. Re5 Bf6 25. Rb5 Qc6 26. Rc1 Re8 27. Bxe6+ Rxe6 28. Rbc5 Qxc5 0-1

[Event "Manizales Las Americas blitz op"]
[Site "Manizales"]
[Date "2021.10.23"]
[Round "10"]
[White "Zuleta, Juan Esteban"]
[Black "Rojas Mendoza, Joun Sun"]
[Result "1-0"]
[WhiteElo "1778"]
[BlackElo "1633"]
[PlyCount "57"]
[EventDate "2021.10.23"]
[EventType "swiss (blitz)"]
[EventRounds "11"]
[EventCountry "COL"]
[SourceTitle "CBM 205 Extra"]
[Source "ChessBase"]
[SourceDate "2022.01.31"]
[SourceVersion "1"]
[SourceVersionDate "2022.01.31"]
[SourceQuality "1"]

1. e4 e5 2. d4 exd4 3. Qxd4 Nc6 4. Qe3 d6 5. Nc3 g6 6. Bd2 Bg7 7. 0-0-0 a5 8. f4 a4 9. a3 Bg4 10. Nf3 Nge7 11. h3 Bxf3 12. gxf3 0-0 13. h4 d5 14. exd5 Nxd5 15. Nxd5 Qxd5 16. Bc3 Qa2 17. Bxg7 Qa1+ 18. Kd2 Rfd8+ 19. Bd3 Qa2 20. Bf6 Re8 21. Qf2 Re6 22. Bc3 Rae8 23. f5 Rd6 24. fxg6 fxg6 25. h5 Qd5 26. hxg6 Qg5+ 27. f4 Rxd3+ 28. cxd3 Qxg6 29. Rdg1 1-0

[Event "COL-ch U20"]
[Site "Bogota"]
[Date "2014.03.15"]
[Round "5"]
[White "Zuleta, Juan Esteban"]
[Black "Corredor Rengifo, Luis Fernando"]
[Result "0-1"]
[WhiteElo "1802"]
[BlackElo "2010"]
[PlyCount "51"]
[EventDate "2014.03.13"]
[EventType "swiss"]
[EventRounds "7"]
[EventCountry "COL"]
[SourceTitle "CBM 159 Extra"]
[Source "ChessBase"]
[SourceDate "2014.04.24"]
[SourceVersion "1"]
[SourceVersionDate "2014.04.24"]
[SourceQuality "1"]

1. e4 c5 2. Nf3 d6 3. d4 cxd4 4. Nxd4 Nf6 5. Nc3 g6 6. Be3 Bg7 7. f3 0-0 8. Bc4 Nc6 9. Bb3 Bd7 10. Qd2 Rc8 11. 0-0-0 Nxd4 12. Bxd4 b5 13. h4 a5 14. a3 b4 15. axb4 axb4 16. Nd5 Nxd5 17. Bxg7 Kxg7 18. exd5 Qa5 19. Qd4+ Kg8 20. Kd2 Rc5 21. h5 Bf5 22. Rc1 Rfc8 23. g4 Bxc2 24. Bxc2 Rxd5 25. Qxd5 Qxd5+ 26. Ke3 0-1

[Event "COL-ch U20"]
[Site "Bogota"]
[Date "2014.03.14"]
[Round "3"]
[White "Zuleta, Juan Esteban"]
[Black "Cadavid, Juan Miguel"]
[Result "1-0"]
[WhiteElo "1802"]
[BlackElo "1904"]
[PlyCount "89"]
[EventDate "2014.03.13"]
[EventType "swiss"]
[EventRounds "7"]
[EventCountry "COL"]
[SourceTitle "CBM 159 Extra"]
[Source "ChessBase"]
[SourceDate "2014.04.24"]
[SourceVersion "1"]
[SourceVersionDate "2014.04.24"]
[SourceQuality "1"]

1. e4 c5 2. Nf3 e6 3. d4 cxd4 4. Nxd4 a6 5. a3 Nf6 6. Nc3 Qc7 7. Be3 b5 8. Be2 Bb7 9. f3 Be7 10. Qd2 d6 11. g4 Nc6 12. h4 Ne5 13. h5 Nfd7 14. g5 Nb6 15. 0-0-0 Nbc4 16. Bxc4 Nxc4 17. Qe2 Nxe3 18. Qxe3 Qc5 19. g6 fxg6 20. hxg6 e5 21. Nf5 Qxe3+ 22. Nxe3 Bg5 23. Kd2 h6 24. Ke2 Bxe3 25. Kxe3 0-0-0 26. Ne2 Rhe8 27. Ng3 d5 28. Nf5 d4+ 29. Ke2 Rd7 30. c3 Red8 31. cxd4 exd4 32. Rd3 Bc6 33. b4 Kc7 34. Rhd1 Kb6 35. Rxd4 Rxd4 36. Rxd4 Rxd4 37. Nxd4 Be8 38. Ne6 Bxg6 39. Nxg7 Kc7 40. Ke3 Kd6 41. Kf4 Ke7 42. Nf5+ Kd7 43. Nxh6 Kd6 44. Kg5 Be8 45. f4 1-0

[Event "Cartagena zt U18 Valle"]
[Site "Cali"]
[Date "2013.04.20"]
[Round "4.3"]
[White "Valencia, David Fernando"]
[Black "Zuleta, Juan Esteban"]
[Result "1-0"]
[WhiteElo "1796"]
[BlackElo "1803"]
[PlyCount "65"]
[EventDate "2013.04.19"]
[EventType "swiss"]
[EventRounds "6"]
[EventCountry "COL"]
[SourceTitle "EXT 2024"]
[Source "ChessBase"]
[SourceDate "2023.10.10"]
[SourceVersion "1"]
[SourceVersionDate "2023.10.10"]
[SourceQuality "1"]

1. e4 c5 2. f4 e6 3. Nf3 a6 4. a4 Nc6 5. Nc3 d5 6. e5 Nge7 7. g4 h5 8. g5 g6 9. b3 Bg7 10. d4 cxd4 11. Nxd4 Qb6 12. Nxc6 bxc6 13. a5 Qa7 14. Na4 c5 15. Ba3 c4 16. Nb6 Rb8 17. bxc4 Rxb6 18. axb6 Qxb6 19. c5 Qa5+ 20. Qd2 Qa4 21. Bd3 Bb7 22. Qb4 Qc6 23. Qb6 d4 24. Qxc6+ Bxc6 25. 0-0 0-0 26. Rfb1 Nd5 27. Bc1 Nc3 28. Rb6 Bb5 29. Bd2 Bxd3 30. cxd3 Rc8 31. c6 Bf8 32. Rbxa6 Kh7 33. Ra8 1-0

[Event "Cartagena zt U18 Valle"]
[Site "Cali"]
[Date "2013.04.19"]
[Round "1.8"]
[White "Rodriguez Jimenez, Juan Jose"]
[Black "Zuleta, Juan Esteban"]
[Result "0-1"]
[WhiteElo "1600"]
[BlackElo "1803"]
[PlyCount "62"]
[EventDate "2013.04.19"]
[EventType "swiss"]
[EventRounds "6"]
[EventCountry "COL"]
[SourceTitle "EXT 2024"]
[Source "ChessBase"]
[SourceDate "2023.10.10"]
[SourceVersion "1"]
[SourceVersionDate "2023.10.10"]
[SourceQuality "1"]

1. d4 Nf6 2. c4 g6 3. Nc3 d5 4. cxd5 Nxd5 5. e4 Nxc3 6. bxc3 Bg7 7. Nf3 0-0 8. Be2 c5 9. 0-0 Bg4 10. Be3 Qa5 11. Qc2 Nc6 12. Rfd1 Rad8 13. Qb2 Rd7 14. Rd2 Rfd8 15. Rad1 Bxf3 16. Bxf3 cxd4 17. cxd4 Nxd4 18. Bxd4 Bxd4 19. Qc2 e5 20. Kh1 Rc7 21. Qd3 Rc3 22. Qb1 Rdc8 23. h3 R8c7 24. Rb2 b6 25. Be2 Bxf2 26. Rb5 Qa3 27. Rb3 Qc5 28. Rxc3 Qxc3 29. Qd3 Bd4 30. Qxc3 Rxc3 31. Bf3 Rc2 0-1

[Event "Cartagena zt U18 Valle"]
[Site "Cali"]
[Date "2013.04.19"]
[Round "2.3"]
[White "Zuleta, Juan Esteban"]
[Black "Dominguez, Laura Lucia"]
[Result "1-0"]
[WhiteElo "1803"]
[BlackElo "1936"]
[PlyCount "75"]
[EventDate "2013.04.19"]
[EventType "swiss"]
[EventRounds "6"]
[EventCountry "COL"]
[SourceTitle "EXT 2024"]
[Source "ChessBase"]
[SourceDate "2023.10.10"]
[SourceVersion "1"]
[SourceVersionDate "2023.10.10"]
[SourceQuality "1"]

1. Nf3 g6 2. e3 c5 3. c4 Bg7 4. Nc3 Nf6 5. d4 0-0 6. Bd3 d6 7. h3 Bd7 8. 0-0 Nc6 9. a3 cxd4 10. exd4 e5 11. d5 Ne7 12. Bg5 Ne8 13. c5 f6 14. Be3 f5 15. cxd6 Nxd6 16. Ng5 Rc8 17. Ne6 Bxe6 18. dxe6 a6 19. Qb3 b5 20. a4 Nc4 21. Bg5 h6 22. Bxe7 Qxe7 23. Rfd1 Qxe6 24. axb5 axb5 25. Nxb5 e4 26. Bf1 Rc5 27. Nd6 Kh7 28. Bxc4 Qe5 29. Qb6 Rf6 30. Bf1 Rc2 31. Ra7 Rxb2 32. Qc7 Rf8 33. Nc4 Qxc7 34. Rxc7 Rc2 35. Rdd7 Rg8 36. Rb7 Kh8 37. Ne3 Rc1 38. g3 1-0

[Event "Valle Region-ch U18"]
[Site "Ansermanuevo"]
[Date "2012.03.23"]
[Round "4.2"]
[White "Lozano Betancurt, Juan Sebastian"]
[Black "Zuleta, Juan Esteban"]
[Result "0-1"]
[WhiteElo "1371"]
[BlackElo "1803"]
[PlyCount "94"]
[EventDate "2012.03.23"]
[EventType "swiss"]
[EventRounds "7"]
[EventCountry "COL"]
[SourceTitle "EXT 2024"]
[Source "ChessBase"]
[SourceDate "2023.10.10"]
[SourceVersion "1"]
[SourceVersionDate "2023.10.10"]
[SourceQuality "1"]

1. c4 Nf6 2. d4 g6 3. Nc3 d5 4. e3 Bg7 5. Nf3 0-0 6. Be2 dxc4 7. Bxc4 c5 8. h3 Qa5 9. 0-0 Qc7 10. Nb5 Qb6 11. a4 Nc6 12. Qd2 Ne4 13. Qd3 Bf5 14. Qe2 cxd4 15. Nfxd4 Nxd4 16. Nxd4 Bxd4 17. exd4 Qxd4 18. Be3 Qg7 19. Rfd1 Nd6 20. Bb3 a6 21. Qd2 Rfd8 22. Bd4 Qf8 23. Qe3 h5 24. Rac1 Bd7 25. Rc5 Nf5 26. Qd3 Nxd4 27. Qxd4 Bg4 28. Rd5 Bxd1 29. Qxd1 e6 30. Rxd8 Rxd8 31. Qc2 Qd6 32. g3 Qd7 33. Qe4 Qc6 34. Qe5 Rc8 35. Qe3 Qc1+ 36. Kg2 Qxe3 37. fxe3 Rc1 38. h4 Rb1 39. Kf3 Rxb2 40. Bd1 b5 41. g4 hxg4+ 42. Kxg4 Rb4+ 43. Kg3 Rxa4 44. h5 gxh5 45. Bxh5 b4 46. Bd1 Ra1 47. Bb3 Ra3 0-1

[Event "Valle Region-ch U18"]
[Site "Ansermanuevo"]
[Date "2012.03.23"]
[Round "7.4"]
[White "Perez, Fernando David"]
[Black "Zuleta, Juan Esteban"]
[Result "0-1"]
[WhiteElo "1692"]
[BlackElo "1803"]
[PlyCount "48"]
[EventDate "2012.03.23"]
[EventType "swiss"]
[EventRounds "7"]
[EventCountry "COL"]
[SourceTitle "EXT 2024"]
[Source "ChessBase"]
[SourceDate "2023.10.10"]
[SourceVersion "1"]
[SourceVersionDate "2023.10.10"]
[SourceQuality "1"]

1. e4 c5 2. Nf3 d6 3. d4 cxd4 4. Nxd4 Nf6 5. Nc3 a6 6. Bg5 e6 7. f4 Qb6 8. Qd2 Qxb2 9. Rb1 Qa3 10. Bxf6 gxf6 11. Be2 h5 12. 0-0 Nc6 13. Nxc6 bxc6 14. Rf3 Qa5 15. Qc1 Qc7 16. Qb2 Ra7 17. Na4 Rb7 18. Rb3 Rxb3 19. Qxb3 Bg7 20. Qb6 Qxb6+ 21. Rxb6 f5 22. Rb8 Ke7 23. exf5 exf5 24. a3 h4 0-1

[Event "Valle Region-ch U16"]
[Site "Cali"]
[Date "2012.02.16"]
[Round "2.5"]
[White "Zuleta, Juan Esteban"]
[Black "Norena, Wilder"]
[Result "1-0"]
[WhiteElo "1803"]
[BlackElo "1517"]
[PlyCount "68"]
[EventDate "2012.02.16"]
[EventType "swiss"]
[EventRounds "7"]
[EventCountry "COL"]
[SourceTitle "EXT 2024"]
[Source "ChessBase"]
[SourceDate "2023.10.10"]
[SourceVersion "1"]
[SourceVersionDate "2023.10.10"]
[SourceQuality "1"]

1. Nf3 g6 2. e3 Nf6 3. d4 Bg7 4. c4 0-0 5. Be2 d6 6. Nc3 Nbd7 7. 0-0 Re8 8. Qc2 e5 9. b3 Nf8 10. Bb2 exd4 11. exd4 Ne6 12. g3 h6 13. Rad1 a6 14. Bd3 Nh7 15. c5 Neg5 16. Nxg5 Nxg5 17. Ne4 Nxe4 18. Bxe4 Bh3 19. Rfe1 d5 20. Bd3 Qd7 21. Qd2 Bg4 22. Rxe8+ Rxe8 23. Re1 Bf5 24. Rxe8+ Qxe8 25. Bxf5 gxf5 26. Qe3 Qe4 27. Qxe4 fxe4 28. Kf1 Bf6 29. h4 Bd8 30. Ke2 Kg7 31. Bc1 f5 32. Bf4 h5 33. Ke3 Kf6 34. Bg5+ Kf7 1-0

[Event "Ibague op"]
[Site "Ibague"]
[Date "2011.08.27"]
[Round "3"]
[White "Zuleta, Juan Esteban"]
[Black "Zuleta, Juan Carlos"]
[Result "1/2-1/2"]
[WhiteElo "1804"]
[BlackElo "1880"]
[PlyCount "91"]
[EventDate "2011.08.26"]
[EventType "swiss"]
[EventRounds "7"]
[EventCountry "COL"]
[SourceTitle "CBM 144 Extra"]
[Source "ChessBase"]
[SourceDate "2011.10.28"]
[SourceVersion "1"]
[SourceVersionDate "2011.10.28"]
[SourceQuality "1"]

1. e4 c5 2. Nf3 e6 3. d4 cxd4 4. Nxd4 Nf6 5. Bd3 d6 6. c4 Nc6 7. Be3 Ne5 8. Nc3 a6 9. Be2 Qc7 10. Qc2 Be7 11. 0-0 Bd7 12. f4 Nc6 13. Kh1 Rc8 14. Rac1 Qa5 15. Nxc6 Bxc6 16. Bd3 Qh5 17. Be2 Ng4 18. Bg1 Qg6 19. h3 Nf6 20. e5 Qxc2 21. Rxc2 dxe5 22. fxe5 Nd7 23. Bf3 0-0 24. Re1 Bxf3 25. gxf3 Rfd8 26. b3 Bc5 27. f4 Bxg1 28. Kxg1 Nc5 29. Ne4 Nxe4 30. Rxe4 Rd1+ 31. Kf2 Rcd8 32. Ree2 Kf8 33. Ke3 Ke7 34. Red2 R1xd2 35. Rxd2 Rxd2 36. Kxd2 h5 37. Kd3 Kd7 38. b4 b6 39. a4 Kc6 40. b5+ axb5 41. cxb5+ Kc5 42. h4 g6 43. Kc3 Kd5 44. Kd3 Kc5 45. Kc3 Kd5 46. Kd3 1/2-1/2

[Event "COL-ch U16"]
[Site "Cali"]
[Date "2011.05.25"]
[Round "1.1"]
[White "Martinez Romero, Martin"]
[Black "Zuleta, Juan Esteban"]
[Result "1-0"]
[WhiteElo "2214"]
[BlackElo "1845"]
[PlyCount "73"]
[EventDate "2011.05.25"]
[EventType "tourn"]
[EventRounds "9"]
[EventCountry "COL"]
[SourceTitle "EXT 2024"]
[Source "ChessBase"]
[SourceDate "2023.10.10"]
[SourceVersion "1"]
[SourceVersionDate "2023.10.10"]
[SourceQuality "1"]

1. e4 c5 2. Nf3 d6 3. d4 cxd4 4. Nxd4 Nf6 5. Nc3 a6 6. Be3 e6 7. g4 Nc6 8. g5 Nd7 9. h4 Qc7 10. Bg2 Nxd4 11. Bxd4 b5 12. 0-0 Bb7 13. a3 Rc8 14. Qh5 Qc4 15. Rad1 e5 16. Be3 b4 17. axb4 Qxb4 18. Bh3 Rc7 19. Bc1 Be7 20. Qe2 0-0 21. Nb1 Nb6 22. Bg2 Qc4 23. Qe3 Nd7 24. c3 Qc5 25. Qh3 Nb6 26. Rfe1 Nc4 27. b3 Nb6 28. Be3 Qb5 29. c4 Qb4 30. Bd2 Qc5 31. Nc3 Bc8 32. Qe3 Bb7 33. Qd3 Qc6 34. Qg3 Qd7 35. Be3 Qc6 36. h5 Bc8 37. Bxb6 1-0